000 00942cam a22002413a 4500
001 21989
003 PGUSA
005 20140828083452.0
008 070703s2007||||xxu|||||s|||||000 | eng d
040 _aPGUSA
_beng
042 _adc
050 4 _aPT
100 1 _aKafka, Franz,
_d1883-1924
245 1 0 _aEin Landarzt :
_bKleine Erzählungen
_h[electronic resource] /
_cFranz Kafka
260 _bProject Gutenberg,
_c2007
505 0 _aDer neue Advokat -- Ein Landarzt -- Auf der Galerie -- Ein altes Blatt -- Vor dem Gesetz -- Schakale und Araber -- Ein Besuch im Bergwerk -- Das nächste Dorf -- Eine kaiserliche Botschaft -- Die Sorge des Hausvaters -- Elf Söhne -- Ein Brudermord -- Ein Traum -- Ein Bericht für eine Akademie
506 _aPublic domain in the USA.
516 _aElectronic text
653 _aShort stories
830 0 _aProject Gutenberg
_v21989
856 4 0 _uhttp://www.gutenberg.org/ebooks/21989
942 _cEB
999 _c251244
_d251244